| 000 | 01146cam a2200289 4500 | ||
|---|---|---|---|
| 001 | 4099742 | ||
| 003 | ARRUPE | ||
| 005 | 20240709115208.0 | ||
| 008 | 740223m19739999enk 000 0 eng | ||
| 010 | _a 74156793 | ||
| 020 | _a0192811363 (v. 1) | ||
| 020 | _a0192811649 (v. 2) | ||
| 040 |
_aDLC _cDLC _dDLC |
||
| 050 | 0 | 0 | _aPR-8-1 |
| 082 | 0 | 0 | _a822 |
| 100 | 1 |
_aGrene, David _eed. _937685 |
|
| 240 | 1 | 0 | _aPlays |
| 245 | 0 | 0 |
_aThe completeGreek tragedies, EURIPIDES V _cEdited by David Grene and Richard Lattimore |
| 260 |
_aLondon ; _aChicago _bThe University of Chicago Press, _c1959 |
||
| 300 |
_av. <1-2 > : _c20 cm. |
||
| 490 | 0 |
_av. 1: A Galaxy book ; _v392 |
|
| 505 | 1 | _av. 1. A dance of the forests ; The swamp dwellers ; The strong breed ; The road ; The Bacchae of Euripides -- v. 2. The lion and the jewel ; Kongi's harvest ; The trials of Brother Jero ; Jero's metamorposis ; Madmen and specialists | |
| 651 | 0 |
_aNigeria _xDrama. _937686 |
|
| 856 | 4 | 2 |
_3Publisher description _uhttp://www.loc.gov/catdir/enhancements/fy0603/74156793-d.html |
| 906 |
_a7 _bcbc _corignew _d2 _encip _f19 _gy-gencatlg |
||
| 942 |
_2lcc _cMONOGRAPH |
||
| 999 |
_c127259 _d127259 |
||